| 000 | nam a22 7a 4500 | ||
|---|---|---|---|
| 999 |
_c16573 _d16573 |
||
| 008 | 161115b xxu||||| |||| 00| 0 eng d | ||
| 020 | _a1558172424 | ||
| 050 | _aSPE PS 3661 .E423 1989 | ||
| 100 |
_aKenmore, Frank J. _d1989. |
||
| 245 |
_aThe Frankinncense Trail/ _cFrank J. kenmore |
||
| 260 |
_aNew York: _bWindsor publishing Corp, _c1989. |
||
| 300 |
_a379p.: _c21cm. |
||
| 942 |
_2lcc _cBOOK _hSPE PS 3661 .E423 1989 |
||